Score 0/32 Timer 07:00
3 Plays Today
When They Did it Who Did It % Correct
1776Thomas Jefferson
93.1%
1776George Washington
92.5%
1776John Q. Adams
89.2%
1970Ronald W. Reagan
88.1%
1970George W. Bush
87.2%
1970Barack H. Obama
86.9%
1970James E. Carter
86.5%
1776John Adams
86.2%
1930Ronald W. Reagan
85.6%
1970William J. Clinton
84.8%
1776James Madison
83.4%
1930John F. Kennedy
80.4%
1930Gerald R. Ford
79.7%
1970George H. W. Bush
78.6%
1970Lyndon B. Johnson
78.2%
1930William H. Taft
77.4%
When They Did it Who Did It % Correct
1776James Monroe
77.2%
1970Gerald R. Ford
77.1%
1930Richard M. Nixon
77%
1970Richard M. Nixon
76.7%
1776Andrew Jackson
75.6%
1930Dwight D. Eisenhower
74.8%
1930James E. Carter
73.9%
1930Lyndon B. Johnson
72.9%
1930Franklin D. Roosevelt
72.1%
1970Donald Trump
72%
1930Harry S Truman
71.2%
1970Harry S. Truman
70.5%
1930George H. W. Bush
67.8%
1930Herbert C. Hoover
62.2%
1776William H. Harrison
56.4%
1930J. Calvin Coolidge
51.6%
Remove Ads.
Support Sporcle.
Get the best of Sporcle when you Go Orange. This ad-free experience offers more features, more stats, and more fun while also helping to support Sporcle. Thank you for becoming a member.

You're not logged in!

Compare scores with friends on all Sporcle quizzes.
OR
Log In

Show Comments

Extras

Top Quizzes Today


Score Distribution

Your Account Isn't Verified!

In order to create a playlist on Sporcle, you need to verify the email address you used during registration. Go to your Sporcle Settings to finish the process.

Report this User

Report this user for behavior that violates our Community Guidelines.

Details: